| 000 | 00680nam a2200217 a 4500 | ||
|---|---|---|---|
| 005 | 20230209063818.0 | ||
| 008 | 010828s1999 r 000 0 eng d | ||
| 020 | _a8433012347 | ||
| 035 | _aUPN01000110581 | ||
| 049 | _aCG | ||
| 050 | 4 |
_aBF697.5 S4.5 _bM7.28 1999 |
|
| 100 | 1 | _aMruk, Christopher J. | |
| 245 | 1 | 0 |
_aAuto-estima : _binvestigación, teoría y práctica / _cChris Mruk ; tr. Jasone Aldekoa. |
| 250 | _a2a ed. | ||
| 260 |
_aBilbao, Esp. : _bDescleé de Brouwer, _c1999. |
||
| 300 | _a234 p. | ||
| 440 | 0 |
_aBiblioteca de psicología ; _v92 |
|
| 534 |
_pTraducción de: _tSelf-esteem : research theory and practice |
||
| 650 | 4 |
_aAutoestima _92906 |
|
| 905 | _aLibro | ||
| 999 |
_c84490 _d84490 |
||